000 00363nam a22001577a 4500
003 macl
005 20230223130147.0
008 230223b |||||||| |||| 00| 0 eng d
040 _cmacl
082 _a900
100 _aK.M.Panikkar
_981753
245 _aThe Foundations of New india
260 _aDelhi
_bLG pub.
_c1963
650 _aHistory
942 _2ddc
_cBK
999 _c65914
_d65914